Multimodelové riadenie nelineárnych systémov

Enregistré dans:
Détails bibliographiques
Auteur principal: Bombara, Damián (Auteur)
Autres auteurs: Miklovičová, Eva (Directeur de thèse)
Format: Manuscrit Livre
Langue:slovaque
Publié: 2025
Sujets:
Accès en ligne:http://is.stuba.sk/zp/portal_zp.pl?podrobnosti=184480
Tags: Ajouter un tag
Pas de tags, Soyez le premier à ajouter un tag!

MARC

LEADER 00000ntm a22000003a 4500
001 stuzp102226
003 SK-STU
005 20250614211044.3
007 ta
008 150427s2015----xo-----f-mn---000-0-slo-d
040 |a STU  |b slo 
041 0 |a slo 
100 1 |a Bombara, Damián  |u 031000  |4 aut  |U FEI Fakulta elektrotechniky a informatiky  |T FEI Ústav robotiky a kybernetiky  |X 111097  |U E011  |Y 356  |7 111097 
242 0 1 |a Multiple Model Control of Nonlinear Systems  |y eng 
245 1 0 |a Multimodelové riadenie nelineárnych systémov 
260 |c 2025 
650 4 |a multi-model control  |2 eng 
650 4 |a RST controller  |2 eng 
650 4 |a nonlinear system  |2 eng 
650 4 |a RST regulátor  |2 slo 
650 4 |a multimodelové riadenie  |2 slo 
650 4 |a nelineárny systém  |2 slo 
700 1 |a Miklovičová, Eva  |u 039101  |k Z8  |4 ths  |U FEI Sekretariát dekana  |T FEI Kancelária dekana  |X 4909  |U 039101  |Y 700  |7 A000004909 
856 4 |u http://is.stuba.sk/zp/portal_zp.pl?podrobnosti=184480